Normal view
MARC view
- Ghafoor, Muhammad Rehan
Entry Personal Name
001 - CONTROL NUMBER
- control field: 125091
003 - CONTROL NUMBER IDENTIFIER
- control field: NUST
005 - DATE AND TIME OF LATEST TRANSACTION
- control field: 20240812104840.0
008 - FIXED-LENGTH DATA ELEMENTS
- fixed length control field: 240812|| aca||aabn | a|a d
040 ## - CATALOGING SOURCE
- Original cataloging agency: NUST
- Transcribing agency: NUST
100 ## - HEADING--PERSONAL NAME
- Personal name: Ghafoor, Muhammad Rehan
670 ## - SOURCE DATA FOUND
- Source citation: Work cat.: (NUST): Ghafoor, Muhammad Rehan, Detection of Panic Attacks Using Machine Learning Models/
